[Event "British Rapidplay Championship 2023"]
[Site "Mercure Bradford, Bankfield Hotel"]
[Date "2023.04.15"]
[Round "4.19"]
[White "Lukhi, Neev"]
[Black "Donahue, Randolph E"]
[Result "1-0"]
[TimeControl "All moves in 15 minutes plus 10 second increment per move from move 1"]
[WhiteElo "1544"]
[BlackElo "1722"]

1. d4 {[%clk 00:15:19]} {[%emt 00:00:02]} Nf6 {[%clk 00:15:18]} {[%emt
00:00:02]} 2. Bf4 {[%clk 00:15:27]} {[%emt 00:00:02]} e6 {[%clk 00:15:26]}
{[%emt 00:00:02]} 3. Nf3 {[%clk 00:15:34]} {[%emt 00:00:04]} c5 {[%clk
00:15:20]} {[%emt 00:00:15]} 4. e3 {[%clk 00:15:16]} {[%emt 00:00:28]} Nc6
{[%clk 00:13:41]} {[%emt 00:01:49]} 5. c3 {[%clk 00:15:07]} {[%emt 00:00:19]}
cxd4 {[%clk 00:13:48]} {[%emt 00:00:03]} 6. exd4 {[%clk 00:15:13]} {[%emt
00:00:04]} Be7 {[%clk 00:13:53]} {[%emt 00:00:05]} 7. Bd3 {[%clk 00:15:16]}
{[%emt 00:00:07]} d6 {[%clk 00:13:53]} {[%emt 00:00:10]} 8. h3 {[%clk
00:15:07]} {[%emt 00:00:18]} a6 {[%clk 00:13:42]} {[%emt 00:00:22]} 9. O-O
{[%clk 00:15:10]} {[%emt 00:00:08]} O-O {[%clk 00:13:46]} {[%emt 00:00:05]} 10.
Nbd2 {[%clk 00:14:55]} {[%emt 00:00:25]} Re8 {[%clk 00:13:52]} {[%emt
00:00:04]} 11. Qc2 {[%clk 00:14:50]} {[%emt 00:00:15]} h6 {[%clk 00:12:49]}
{[%emt 00:01:12]} 12. Rfe1 {[%clk 00:14:34]} {[%emt 00:00:26]} b5 {[%clk
00:12:42]} {[%emt 00:00:18]} 13. Ne4 {[%clk 00:12:30]} {[%emt 00:02:14]} Nd5
{[%clk 00:12:49]} {[%emt 00:00:03]} 14. Bg3 {[%clk 00:12:26]} {[%emt 00:00:09]}
Bb7 {[%clk 00:12:58]} {[%emt 00:00:06]} 15. a4 {[%clk 00:11:39]} {[%emt
00:00:58]} b4 {[%clk 00:13:05]} {[%emt 00:00:02]} 16. c4 {[%clk 00:11:40]}
{[%emt 00:00:09]} Nf6 {[%clk 00:12:51]} {[%emt 00:00:24]} 17. c5 {[%clk
00:10:37]} {[%emt 00:01:13]} Nxe4 {[%clk 00:10:44]} {[%emt 00:02:16]} 18. Bxe4
{[%clk 00:10:39]} {[%emt 00:00:09]} Rc8 {[%clk 00:08:43]} {[%emt 00:02:12]} 19.
Rac1 {[%clk 00:09:39]} {[%emt 00:01:10]} dxc5 {[%clk 00:01:09]} {[%emt
00:07:44]} 20. dxc5 {[%clk 00:09:44]} {[%emt 00:00:05]} Bf6 {[%clk 00:00:56]}
{[%emt 00:00:22]} 21. Red1 {[%clk 00:09:14]} {[%emt 00:00:40]} Qa5 {[%clk
00:01:05]} {[%emt 00:00:02]} 22. Rd7 {[%clk 00:08:35]} {[%emt 00:00:47]} Re7
{[%clk 00:01:13]} {[%emt 00:00:03]} 23. Qd3 {[%clk 00:07:44]} {[%emt 00:01:00]}
Rce8 {[%clk 00:00:24]} {[%emt 00:01:00]} 24. Rxb7 {[%clk 00:07:07]} {[%emt
00:00:47]} Rxb7 {[%clk 00:00:30]} {[%emt 00:00:04]} 25. Bxc6 {[%clk 00:07:14]}
{[%emt 00:00:03]} Rd8 {[%clk 00:00:29]} {[%emt 00:00:11]} 26. Qc2 {[%clk
00:07:04]} {[%emt 00:00:19]} Re7 {[%clk 00:00:36]} {[%emt 00:00:04]} 27. Bd6
{[%clk 00:07:03]} {[%emt 00:00:11]} Ra7 {[%clk 00:00:46]} 28. Be4 {[%clk
00:06:53]} {[%emt 00:00:20]} e5 {[%clk 00:00:15]} {[%emt 00:00:41]} 29. Rd1
{[%clk 00:06:44]} {[%emt 00:00:19]} Rad7 {[%clk 00:00:23]} {[%emt 00:00:02]} 30.
Bf5 {[%clk 00:06:46]} {[%emt 00:00:08]} Ra7 {[%clk 00:00:22]} {[%emt 00:00:11]}
31. c6 {[%clk 00:06:43]} {[%emt 00:00:13]} b3 {[%clk 00:00:31]} {[%emt
00:00:02]} 32. Qxb3 {[%clk 00:06:27]} {[%emt 00:00:26]} e4 {[%clk 00:00:37]}
{[%emt 00:00:03]} 33. Bxe4 {[%clk 00:05:42]} {[%emt 00:00:55]} Rxd6 {[%clk
00:00:22]} {[%emt 00:00:24]} 34. Rxd6 {[%clk 00:05:38]} {[%emt 00:00:15]} Qc5
{[%clk 00:00:22]} {[%emt 00:00:10]} 35. Qb8+ {[%clk 00:05:41]} {[%emt
00:00:07]} 1-0

[Event "British Rapidplay Championship 2023"]
[Site "Mercure Bradford, Bankfield Hotel"]
[Date "2023.04.15"]
[Round "4.20"]
[White "Rogers, Bernard A"]
[Black "Railwani, Tavish"]
[Result "1/2-1/2"]
[TimeControl "All moves in 15 minutes plus 10 second increment per move from move 1"]
[WhiteElo "1772"]
[BlackElo "1517"]

1. e4 {[%clk 00:15:17]} {[%emt 00:00:02]} e6 {[%clk 00:15:11]} {[%emt
00:00:08]} 2. d4 {[%clk 00:15:25]} {[%emt 00:00:03]} d5 {[%clk 00:15:19]}
{[%emt 00:00:02]} 3. exd5 {[%clk 00:15:34]} {[%emt 00:00:02]} exd5 {[%clk
00:15:26]} {[%emt 00:00:02]} 4. Nf3 {[%clk 00:15:43]} {[%emt 00:00:02]} Bd6
{[%clk 00:15:26]} {[%emt 00:00:09]} 5. Bd3 {[%clk 00:15:52]} {[%emt 00:00:02]}
Nf6 {[%clk 00:15:33]} {[%emt 00:00:03]} 6. O-O {[%clk 00:16:00]} {[%emt
00:00:01]} O-O {[%clk 00:15:34]} {[%emt 00:00:09]} 7. Bg5 {[%clk 00:16:07]}
{[%emt 00:00:03]} Bg4 {[%clk 00:15:42]} {[%emt 00:00:03]} 8. Nbd2 {[%clk
00:16:16]} {[%emt 00:00:01]} Nbd7 {[%clk 00:15:48]} {[%emt 00:00:04]} 9. c3
{[%clk 00:16:24]} {[%emt 00:00:02]} c6 {[%clk 00:15:55]} {[%emt 00:00:03]} 10.
Qc2 {[%clk 00:16:32]} {[%emt 00:00:01]} Qc7 {[%clk 00:16:02]} {[%emt 00:00:03]}
11. Rfe1 {[%clk 00:16:30]} {[%emt 00:00:13]} Rfe8 {[%clk 00:15:05]} {[%emt
00:01:06]} 12. b4 {[%clk 00:15:08]} {[%emt 00:01:32]} Rac8 {[%clk 00:13:57]}
{[%emt 00:01:18]} 13. a4 {[%clk 00:14:07]} {[%emt 00:01:12]} a6 {[%clk
00:13:08]} {[%emt 00:00:59]} 14. a5 {[%clk 00:13:55]} {[%emt 00:00:21]} Rb8
{[%clk 00:08:02]} {[%emt 00:05:17]} 15. Bh4 {[%clk 00:13:25]} {[%emt 00:00:40]}
Bh5 {[%clk 00:07:45]} {[%emt 00:00:25]} 16. Bg3 {[%clk 00:11:51]} {[%emt
00:01:46]} Bxg3 {[%clk 00:07:42]} {[%emt 00:00:12]} 17. fxg3 {[%clk 00:11:59]}
{[%emt 00:00:02]} Bg6 {[%clk 00:07:45]} {[%emt 00:00:07]} 18. Bxg6 {[%clk
00:11:51]} {[%emt 00:00:18]} hxg6 {[%clk 00:07:22]} {[%emt 00:00:33]} 19. Qd3
{[%clk 00:10:58]} {[%emt 00:01:03]} Rbc8 {[%clk 00:06:40]} {[%emt 00:00:53]} 20.
Ng5 {[%clk 00:10:01]} {[%emt 00:01:06]} Qd6 {[%clk 00:04:45]} {[%emt 00:02:05]}
21. Ndf3 {[%clk 00:09:32]} {[%emt 00:00:40]} Rxe1+ {[%clk 00:03:24]} {[%emt
00:01:30]} 22. Rxe1 {[%clk 00:09:41]} {[%emt 00:00:01]} Re8 {[%clk 00:03:31]}
{[%emt 00:00:04]} 23. Rf1 {[%clk 00:08:58]} {[%emt 00:00:52]} Ne4 {[%clk
00:02:43]} {[%emt 00:00:58]} 24. Qc2 {[%clk 00:07:43]} {[%emt 00:01:25]} Nxg5
{[%clk 00:02:27]} {[%emt 00:00:24]} 25. Nxg5 {[%clk 00:07:52]} {[%emt
00:00:03]} Nf6 {[%clk 00:02:33]} {[%emt 00:00:04]} 26. Nf3 {[%clk 00:07:31]}
{[%emt 00:00:31]} Qe6 {[%clk 00:01:25]} {[%emt 00:01:18]} 27. Ne5 {[%clk
00:07:40]} {[%emt 00:00:01]} Rf8 {[%clk 00:01:06]} {[%emt 00:00:29]} 28. Qd3
{[%clk 00:06:41]} {[%emt 00:01:09]} Qd6 {[%clk 00:01:09]} {[%emt 00:00:07]} 29.
h3 {[%clk 00:06:19]} {[%emt 00:00:32]} Nd7 {[%clk 00:00:44]} {[%emt 00:00:35]}
30. Re1 {[%clk 00:06:19]} {[%emt 00:00:11]} Re8 {[%clk 00:00:26]} {[%emt
00:00:28]} 31. Nf3 {[%clk 00:05:51]} {[%emt 00:00:37]} Rxe1+ {[%clk 00:00:32]}
{[%emt 00:00:03]} 32. Nxe1 {[%clk 00:06:00]} {[%emt 00:00:02]} Nf6 {[%clk
00:00:32]} {[%emt 00:00:10]} 33. Kh2 {[%clk 00:05:49]} {[%emt 00:00:20]} Ne4
{[%clk 00:00:35]} {[%emt 00:00:08]} 34. c4 {[%clk 00:05:40]} {[%emt 00:00:20]}
Nf6 {[%clk 00:00:31]} {[%emt 00:00:14]} 35. c5 {[%clk 00:05:33]} {[%emt
00:00:17]} Qc7 {[%clk 00:00:30]} {[%emt 00:00:10]} 36. Nf3 {[%clk 00:05:37]}
{[%emt 00:00:07]} Ne4 {[%clk 00:00:25]} {[%emt 00:00:14]} 37. Ne5 {[%clk
00:05:35]} {[%emt 00:00:13]} Qe7 {[%clk 00:00:31]} {[%emt 00:00:04]} 38. Qe3
{[%clk 00:05:18]} {[%emt 00:00:27]} Qf6 {[%clk 00:00:24]} {[%emt 00:00:17]} 39.
Ng4 {[%clk 00:03:36]} {[%emt 00:01:51]} 1/2-1/2

[Event "British Rapidplay Championship 2023"]
[Site "Mercure Bradford, Bankfield Hotel"]
[Date "2023.04.15"]
[Round "4.21"]
[White "Cradock, Samir"]
[Black "Baxter, Martin"]
[Result "0-1"]
[TimeControl "All moves in 15 minutes plus 10 second increment per move from move 1"]
[WhiteElo "1530"]
[BlackElo "1766"]

1. e4 {[%clk 00:15:17]} {[%emt 00:00:02]} e5 {[%clk 00:14:43]} {[%emt
00:00:37]} 2. Nf3 {[%clk 00:15:26]} {[%emt 00:00:01]} Nc6 {[%clk 00:14:52]}
{[%emt 00:00:02]} 3. Bc4 {[%clk 00:15:34]} {[%emt 00:00:02]} f5 {[%clk
00:15:00]} {[%emt 00:00:01]} 4. d3 {[%clk 00:15:16]} {[%emt 00:00:29]} Bc5
{[%clk 00:15:07]} {[%emt 00:00:03]} 5. Ng5 {[%clk 00:14:54]} {[%emt 00:00:31]}
f4 {[%clk 00:15:14]} {[%emt 00:00:03]} 6. Nf7 {[%clk 00:14:51]} {[%emt
00:00:13]} Qh4 {[%clk 00:15:19]} {[%emt 00:00:05]} 7. g3 {[%clk 00:14:15]}
{[%emt 00:00:47]} Qh3 {[%clk 00:15:26]} {[%emt 00:00:03]} 8. Nxh8 {[%clk
00:12:14]} {[%emt 00:02:11]} d5 {[%clk 00:15:25]} {[%emt 00:00:11]} 9. Bxd5
{[%clk 00:08:59]} {[%emt 00:03:26]} Bg4 {[%clk 00:15:19]} {[%emt 00:00:14]} 10.
Bxc6+ {[%clk 00:08:14]} {[%emt 00:00:55]} bxc6 {[%clk 00:15:18]} {[%emt
00:00:11]} 11. Qd2 {[%clk 00:08:20]} {[%emt 00:00:04]} Qg2 {[%clk 00:12:43]}
{[%emt 00:02:44]} 12. Rf1 {[%clk 00:08:00]} {[%emt 00:00:30]} Bh3 {[%clk
00:12:46]} {[%emt 00:00:08]} 13. Qe2 {[%clk 00:07:51]} {[%emt 00:00:19]} f3
{[%clk 00:12:48]} {[%emt 00:00:08]} 14. Qd1 {[%clk 00:07:11]} {[%emt 00:00:50]}
Qxf1+ {[%clk 00:12:43]} {[%emt 00:00:14]} 15. Kd2 {[%clk 00:07:19]} {[%emt
00:00:03]} Qxf2+ {[%clk 00:12:22]} {[%emt 00:00:31]} 16. Kc3 {[%clk 00:07:16]}
{[%emt 00:00:14]} Bd4+ {[%clk 00:09:12]} {[%emt 00:03:19]} 17. Kb3 {[%clk
00:06:35]} {[%emt 00:00:51]} Bc5 {[%clk 00:07:42]} {[%emt 00:01:40]} 18. a3
{[%clk 00:04:39]} {[%emt 00:02:07]} Bg4 {[%clk 00:06:02]} {[%emt 00:01:49]} 19.
Nd2 {[%clk 00:02:35]} {[%emt 00:02:15]} Qxh2 {[%clk 00:05:35]} {[%emt
00:00:36]} 20. Nf1 {[%clk 00:02:29]} {[%emt 00:00:16]} Qh5 {[%clk 00:04:47]}
{[%emt 00:00:58]} 21. Be3 {[%clk 00:02:03]} {[%emt 00:00:37]} Bxe3 {[%clk
00:04:07]} {[%emt 00:00:49]} 22. Nxe3 {[%clk 00:02:10]} {[%emt 00:00:03]} Be6+
{[%clk 00:03:47]} {[%emt 00:00:30]} 23. c4 {[%clk 00:02:03]} {[%emt 00:00:18]}
Nf6 {[%clk 00:03:24]} {[%emt 00:00:33]} 24. Qh1 {[%clk 00:01:41]} {[%emt
00:00:32]} O-O-O {[%clk 00:02:57]} {[%emt 00:00:36]} 25. Qxh5 {[%clk 00:01:04]}
{[%emt 00:00:47]} Nxh5 {[%clk 00:03:05]} {[%emt 00:00:02]} 26. Ng6 {[%clk
00:00:50]} {[%emt 00:00:24]} hxg6 {[%clk 00:03:07]} {[%emt 00:00:08]} 27. g4
{[%clk 00:00:54]} {[%emt 00:00:07]} Rxd3+ {[%clk 00:03:01]} {[%emt 00:00:15]}
28. Kc2 {[%clk 00:00:41]} {[%emt 00:00:23]} Rxe3 {[%clk 00:03:05]} {[%emt
00:00:06]} 29. gxh5 {[%clk 00:00:49]} {[%emt 00:00:02]} gxh5 {[%clk 00:03:05]}
{[%emt 00:00:11]} 30. Kd2 {[%clk 00:00:53]} {[%emt 00:00:06]} Rxe4 {[%emt
00:00:40]} 31. Rf1 {[%clk 00:00:53]} Bg4 {[%clk 00:02:39]} {[%emt 00:00:15]} 32.
b3 {[%clk 00:00:50]} {[%emt 00:00:13]} h4 {[%clk 00:02:22]} {[%emt 00:00:26]}
33. Kd3 {[%clk 00:00:52]} {[%emt 00:00:09]} Re2 {[%clk 00:02:03]} {[%emt
00:00:28]} 34. a4 {[%clk 00:00:25]} {[%emt 00:00:39]} c5 {[%clk 00:01:39]}
{[%emt 00:00:34]} 35. Rg1 {[%clk 00:15:10]} {[%emt 00:00:48]} 0-1

[Event "British Rapidplay Championship 2023"]
[Site "Mercure Bradford, Bankfield Hotel"]
[Date "2023.04.15"]
[Round "4.22"]
[White "Harker, Peter"]
[Black "De Silva, Sithun"]
[Result "0-1"]
[TimeControl "All moves in 15 minutes plus 10 second increment per move from move 1"]
[WhiteElo "1481"]
[BlackElo "1507"]

1. d4 {[%clk 00:15:19]} {[%emt 00:03:32]} Nf6 {[%clk 00:15:18]} {[%emt
00:00:02]} 2. c4 {[%clk 00:15:28]} e6 {[%clk 00:15:26]} {[%emt 00:00:03]} 3.
Nc3 {[%clk 00:15:37]} d5 {[%clk 00:15:33]} {[%emt 00:00:03]} 4. Bg5 {[%clk
00:15:44]} {[%emt 00:00:03]} c6 {[%clk 00:15:30]} {[%emt 00:00:13]} 5. cxd5
{[%clk 00:15:51]} {[%emt 00:00:03]} exd5 {[%clk 00:15:34]} {[%emt 00:00:06]} 6.
Nf3 {[%clk 00:15:58]} {[%emt 00:00:03]} Bf5 {[%clk 00:15:26]} {[%emt 00:00:16]}
7. e3 {[%clk 00:16:06]} {[%emt 00:00:03]} Nbd7 {[%clk 00:15:33]} {[%emt
00:00:03]} 8. Bd3 {[%clk 00:16:11]} {[%emt 00:00:04]} Bxd3 {[%clk 00:15:16]}
{[%emt 00:00:28]} 9. Qxd3 {[%clk 00:16:20]} {[%emt 00:00:01]} h6 {[%clk
00:15:08]} {[%emt 00:00:18]} 10. Bh4 {[%clk 00:16:24]} {[%emt 00:00:05]} Bd6
{[%clk 00:15:11]} {[%emt 00:00:07]} 11. O-O {[%clk 00:16:22]} {[%emt 00:00:12]}
O-O {[%clk 00:15:14]} {[%emt 00:00:07]} 12. Rfe1 {[%clk 00:16:27]} {[%emt
00:00:06]} Qc7 {[%clk 00:15:05]} {[%emt 00:00:19]} 13. Rac1 {[%clk 00:16:04]}
{[%emt 00:00:33]} Qb6 {[%clk 00:15:03]} {[%emt 00:00:11]} 14. e4 {[%clk
00:14:52]} {[%emt 00:01:24]} dxe4 {[%clk 00:14:57]} {[%emt 00:00:17]} 15. Nxe4
{[%clk 00:14:59]} {[%emt 00:00:02]} Nxe4 {[%clk 00:14:15]} {[%emt 00:00:52]} 16.
Rxe4 {[%clk 00:14:39]} {[%emt 00:00:30]} Rfe8 {[%clk 00:12:30]} {[%emt
00:01:55]} 17. Rce1 {[%clk 00:14:37]} {[%emt 00:00:13]} Rxe4 {[%clk 00:12:05]}
{[%emt 00:00:35]} 18. Rxe4 {[%clk 00:14:42]} {[%emt 00:00:04]} Qxb2 {[%clk
00:10:53]} {[%emt 00:01:22]} 19. Be7 {[%clk 00:14:08]} {[%emt 00:00:44]} Bxe7
{[%clk 00:09:44]} {[%emt 00:01:19]} 20. Rxe7 {[%clk 00:14:11]} {[%emt
00:00:07]} Nf6 {[%clk 00:09:47]} {[%emt 00:00:05]} 21. Qc4 {[%clk 00:13:21]}
{[%emt 00:01:02]} Nd5 {[%clk 00:09:30]} {[%emt 00:00:26]} 22. Re2 {[%clk
00:12:30]} {[%emt 00:01:02]} Qb4 {[%clk 00:09:02]} {[%emt 00:00:35]} 23. Qc1
{[%clk 00:11:46]} {[%emt 00:00:57]} Rd8 {[%clk 00:08:30]} {[%emt 00:00:41]} 24.
Rb2 {[%clk 00:11:13]} {[%emt 00:00:44]} Qe7 {[%clk 00:08:33]} {[%emt 00:00:07]}
25. Qc5 {[%clk 00:09:50]} {[%emt 00:01:34]} Qxc5 {[%clk 00:08:28]} {[%emt
00:00:14]} 26. dxc5 {[%clk 00:09:59]} {[%emt 00:00:02]} b6 {[%clk 00:05:58]}
{[%emt 00:02:39]} 27. cxb6 {[%clk 00:09:33]} {[%emt 00:00:37]} Nxb6 {[%clk
00:06:02]} {[%emt 00:00:06]} 28. g3 {[%clk 00:09:41]} {[%emt 00:00:02]} f6
{[%clk 00:05:33]} {[%emt 00:00:39]} 29. Rc2 {[%clk 00:09:08]} {[%emt 00:00:44]}
Rd6 {[%clk 00:05:13]} {[%emt 00:00:29]} 30. Nd2 {[%clk 00:08:26]} {[%emt
00:00:52]} Kf7 {[%clk 00:04:51]} {[%emt 00:00:32]} 31. Nc4 {[%clk 00:08:26]}
{[%emt 00:00:10]} Nxc4 {[%clk 00:04:57]} {[%emt 00:00:04]} 32. Rxc4 {[%clk
00:08:35]} {[%emt 00:00:02]} Ke6 {[%clk 00:04:58]} {[%emt 00:00:08]} 33. Ra4
{[%clk 00:08:22]} {[%emt 00:00:24]} Rd7 {[%clk 00:05:02]} {[%emt 00:00:03]} 34.
Kg2 {[%clk 00:08:29]} {[%emt 00:00:05]} Kd6 {[%clk 00:05:01]} {[%emt 00:00:10]}
35. Kf3 {[%clk 00:08:08]} {[%emt 00:00:32]} Rc7 {[%clk 00:04:49]} {[%emt
00:00:21]} 36. Ke4 {[%clk 00:07:53]} {[%emt 00:00:25]} g6 {[%clk 00:04:36]}
{[%emt 00:00:22]} 37. g4 {[%clk 00:07:44]} {[%emt 00:00:20]} Re7+ {[%clk
00:04:35]} {[%emt 00:00:10]} 38. Kd3 {[%clk 00:07:53]} {[%emt 00:00:02]} Rd7
{[%clk 00:04:03]} {[%emt 00:00:40]} 39. h4 {[%clk 00:07:09]} {[%emt 00:00:56]}
Ke5+ {[%clk 00:03:40]} {[%emt 00:00:32]} 40. Ke3 {[%clk 00:07:13]} {[%emt
00:00:07]} Kd6 {[%clk 00:03:32]} {[%emt 00:00:17]} 41. Rf4 {[%clk 00:07:07]}
{[%emt 00:00:17]} Re7+ {[%clk 00:03:29]} {[%emt 00:00:12]} 42. Kd3 {[%clk
00:07:04]} {[%emt 00:00:15]} Ke5 {[%clk 00:03:34]} {[%emt 00:00:02]} 43. Re4+
{[%clk 00:06:34]} {[%emt 00:00:42]} Kd6 {[%clk 00:03:41]} {[%emt 00:00:02]} 44.
Rd4+ {[%clk 00:06:39]} {[%emt 00:00:07]} Ke5 {[%clk 00:03:28]} {[%emt
00:00:15]} 45. f4+ {[%clk 00:05:41]} {[%emt 00:01:15]} Ke6 {[%clk 00:03:28]}
{[%emt 00:00:06]} 46. Kc4 {[%clk 00:05:43]} {[%emt 00:00:12]} Rd7 {[%clk
00:02:50]} {[%emt 00:00:41]} 47. f5+ {[%clk 00:05:12]} {[%emt 00:00:48]} gxf5
{[%clk 00:02:49]} {[%emt 00:00:10]} 48. gxf5+ {[%clk 00:05:20]} {[%emt
00:00:03]} Ke7 {[%clk 00:02:53]} {[%emt 00:00:03]} 49. Rxd7+ {[%clk 00:04:03]}
{[%emt 00:01:30]} Kxd7 {[%clk 00:02:59]} {[%emt 00:00:03]} 50. Kc5 {[%clk
00:04:11]} {[%emt 00:00:02]} Kc7 {[%clk 00:03:03]} {[%emt 00:00:05]} 51. a4
{[%clk 00:03:57]} {[%emt 00:00:25]} Kd7 {[%clk 00:03:12]} 52. a5 {[%clk
00:03:58]} {[%emt 00:00:10]} Kc7 {[%clk 00:03:19]} {[%emt 00:00:02]} 53. h5
{[%clk 00:04:00]} {[%emt 00:00:09]} Kd7 {[%clk 00:03:26]} {[%emt 00:00:02]} 54.
a6 {[%clk 00:04:02]} {[%emt 00:00:09]} Kc7 {[%clk 00:03:34]} 55. Kd4 {[%clk
00:04:10]} {[%emt 00:00:03]} Kb6 {[%clk 00:03:36]} {[%emt 00:00:07]} 56. Kc4
{[%clk 00:04:17]} {[%emt 00:00:03]} c5 {[%clk 00:03:15]} {[%emt 00:00:30]} 57.
Kd5 {[%clk 00:04:21]} {[%emt 00:00:07]} Kb5 {[%clk 00:03:24]} {[%emt 00:00:02]}
58. Kd6 {[%clk 00:04:22]} {[%emt 00:00:08]} c4 {[%clk 00:03:29]} {[%emt
00:00:05]} 59. Kc7 {[%clk 00:04:31]} Kxa6 {[%clk 00:03:37]} {[%emt 00:00:03]}
0-1

[Event "British Rapidplay Championship 2023"]
[Site "Mercure Bradford, Bankfield Hotel"]
[Date "2023.04.15"]
[Round "4.23"]
[White "Jones, Simon"]
[Black "Lloyd, Stephen M"]
[Result "0-1"]
[TimeControl "All moves in 15 minutes plus 10 second increment per move from move 1"]
[WhiteElo "1336"]
[BlackElo "1579"]

1. c4 {[%clk 00:15:14]} {[%emt 00:00:05]} Nf6 {[%clk 00:15:13]} {[%emt
00:00:08]} 2. Nc3 {[%clk 00:15:15]} {[%emt 00:00:09]} c5 {[%clk 00:15:14]}
{[%emt 00:00:10]} 3. g3 {[%clk 00:15:14]} {[%emt 00:00:10]} e6 {[%clk
00:15:04]} {[%emt 00:00:20]} 4. Nf3 {[%clk 00:13:49]} {[%emt 00:01:35]} b6
{[%clk 00:15:04]} {[%emt 00:00:11]} 5. Bg2 {[%clk 00:13:43]} {[%emt 00:00:15]}
Bb7 {[%clk 00:15:12]} {[%emt 00:00:02]} 6. O-O {[%clk 00:13:31]} {[%emt
00:00:21]} Be7 {[%clk 00:15:17]} {[%emt 00:00:05]} 7. d3 {[%clk 00:13:26]}
{[%emt 00:00:15]} O-O {[%clk 00:15:12]} {[%emt 00:00:15]} 8. b3 {[%clk
00:12:57]} {[%emt 00:00:39]} a6 {[%clk 00:14:50]} {[%emt 00:00:32]} 9. Bb2
{[%clk 00:12:53]} {[%emt 00:00:13]} d5 {[%clk 00:14:10]} {[%emt 00:00:51]} 10.
cxd5 {[%clk 00:11:50]} {[%emt 00:01:12]} exd5 {[%clk 00:14:14]} {[%emt
00:00:06]} 11. d4 {[%clk 00:11:14]} {[%emt 00:00:46]} cxd4 {[%clk 00:13:28]}
{[%emt 00:00:57]} 12. Nxd4 {[%clk 00:11:07]} {[%emt 00:00:18]} Nc6 {[%clk
00:12:44]} {[%emt 00:00:54]} 13. a3 {[%clk 00:10:09]} {[%emt 00:01:07]} Nxd4
{[%clk 00:11:50]} {[%emt 00:01:04]} 14. Qxd4 {[%clk 00:10:03]} {[%emt
00:00:16]} Qd7 {[%clk 00:09:57]} {[%emt 00:02:03]} 15. Nxd5 {[%clk 00:09:38]}
{[%emt 00:00:35]} Bxd5 {[%clk 00:09:46]} {[%emt 00:00:21]} 16. Bxd5 {[%clk
00:09:37]} {[%emt 00:00:09]} Qxd5 {[%clk 00:09:47]} {[%emt 00:00:11]} 17. Qxb6
{[%clk 00:07:30]} {[%emt 00:02:18]} Rfb8 {[%clk 00:07:47]} {[%emt 00:02:11]} 18.
Qc7 {[%clk 00:05:33]} {[%emt 00:02:06]} Bd6 {[%clk 00:07:28]} {[%emt 00:00:29]}
19. Qc2 {[%clk 00:04:16]} {[%emt 00:01:26]} Qxb3 {[%clk 00:07:00]} {[%emt
00:00:39]} 20. Qxb3 {[%clk 00:03:50]} {[%emt 00:00:35]} Rxb3 {[%clk 00:07:08]}
{[%emt 00:00:03]} 21. Bxf6 {[%emt 00:00:35]} gxf6 {[%emt 00:00:06]} 22. a4
{[%clk 00:03:12]} {[%emt 00:00:08]} Rab8 {[%clk 00:06:32]} {[%emt 00:00:46]} 23.
Rfd1 {[%clk 00:01:55]} {[%emt 00:00:49]} Be5 {[%clk 00:06:21]} {[%emt
00:00:58]} 24. Ra2 {[%clk 00:01:49]} {[%emt 00:00:17]} Rb1 {[%clk 00:04:48]}
{[%emt 00:01:42]} 25. Rxb1 {[%clk 00:01:05]} {[%emt 00:00:53]} Rxb1+ {[%clk
00:04:55]} {[%emt 00:00:04]} 26. Kg2 {[%clk 00:01:13]} {[%emt 00:00:01]} Kf8
{[%clk 00:04:40]} {[%emt 00:00:26]} 27. Kf3 {[%clk 00:01:07]} {[%emt 00:00:16]}
Ke7 {[%clk 00:04:46]} {[%emt 00:00:04]} 28. Rc2 {[%clk 00:00:49]} {[%emt
00:00:29]} f5 {[%clk 00:04:36]} {[%emt 00:00:19]} 29. Rc4 {[%clk 00:00:30]}
{[%emt 00:00:29]} a5 {[%clk 00:03:47]} {[%emt 00:00:59]} 30. Rh4 {[%clk
00:00:37]} {[%emt 00:00:02]} Rb4 {[%clk 00:03:49]} {[%emt 00:00:09]} 31. Rxh7
{[%clk 00:00:14]} {[%emt 00:00:33]} Rxa4 {[%clk 00:03:57]} {[%emt 00:00:03]} 32.
Rh6 {[%emt 00:00:27]} 0-1